Queen Elizabeth of England, (Record no. 44302)

MARC details
001 - CONTROL NUMBER
control field 3662705
003 - CONTROL NUMBER IDENTIFIER
control field 00000
005 - DATE AND TIME OF LATEST TRANSACTION
control field 20260415111545.0
008 - FIXED-LENGTH DATA ELEMENTS--GENERAL INFORMATION
fixed length control field 701013s1969 enk 000 0beng
010 ## - LIBRARY OF CONGRESS CONTROL NUMBER
LC control number 76494990
015 ## - NATIONAL BIBLIOGRAPHY NUMBER
National bibliography number B***
035 ## - SYSTEM CONTROL NUMBER
System control number 3662705
040 ## - CATALOGING SOURCE
Original cataloging agency DLC
Transcribing agency DLC
Modifying agency DLC
Description conventions rda
050 00 - LIBRARY OF CONGRESS CALL NUMBER
Classification number DA 355 .H4
082 00 - DEWEY DECIMAL CLASSIFICATION NUMBER
Classification number 942.05/5/0924
-- B
100 1# - MAIN ENTRY--PERSONAL NAME
Personal name Hearsey, John E. N.
245 10 - TITLE STATEMENT
Title Queen Elizabeth of England,
Statement of responsibility, etc by John E. N. Hearsey.
264 ## - PUBLICATION, DISTRIBUTION, ETC. (IMPRINT)
Place of publication, distribution, etc [London]
Name of publisher, distributor, etc Heron Books
Date of publication, distribution, etc [1969]
300 ## - PHYSICAL DESCRIPTION
Extent 335 p.
Other physical details illus. (part col.), facsims., geneal. chart, maps, ports. (part col.)
Dimensions 21 cm.
336 ## - CONTENT TYPE
Content type term text
Content type code txt
Source rdacontent
337 ## - MEDIA TYPE
Media type term unmediated
Media type code n
Source rdamedia
338 ## - CARRIER TYPE
Carrier type term volume
Carrier type code nc
Source rdacarrier
490 0# - SERIES STATEMENT
Series statement Women who made history
600 00 - SUBJECT ADDED ENTRY--PERSONAL NAME
Personal name Elizabeth
Numeration I,
Titles and other words associated with a name Queen of England,
Dates associated with a name 1533-1603.
650 #0 - SUBJECT ADDED ENTRY--TOPICAL TERM
Topical term or geographic name as entry element Queens
Geographic subdivision Great Britain
General subdivision Biography.
906 ## - LOCAL DATA ELEMENT F, LDF (RLIN)
a 7
b cbc
c orignew
d 4
e ncip
f 19
g y-gencatlg
942 ## - ADDED ENTRY ELEMENTS (KOHA)
Source of classification or shelving scheme Library of Congress Classification
Koha item type Books
Holdings
Withdrawn status Lost status Source of classification or shelving scheme Damaged status Not for loan Permanent Location Current Location Date acquired Total Checkouts Full call number Barcode Date last seen Price effective from Koha item type
    Library of Congress Classification     NILE UNIVERSITY OF NIGERIA - MAIN LIBRARY NILE UNIVERSITY OF NIGERIA - MAIN LIBRARY 04/15/2026   DA 355 .H4 1969 0002226 04/15/2026 04/15/2026 Books